Komunálne voľby 2014

Bibliographic Details
Main Author: Humeník, Pavol, 1963- (Author)
Format: Article
Language:Slovak
PhysicalDescription:Fotogr.
Subjects:
Online Access:http://www.kezmarok.sk/obcan/clanky/noviny_kezmarok_archiv-108.htm

MARC

LEADER 00000nab a2200000 ar4500
001 vtls010648076
003 SK-MaSNL
005 20260303213250.0
008 150120c2014 xo sr|p|||||||000 b|slo
038 |a PPPK 
040 |a PPPKCL  |b slo  |c PPPKCL  |e AACR2 
041 0 |a slo 
044 |a xo  |c SK 
080 |a 324:352  |x (437.671.113.123)  |2 2001 
100 1 |a Humeník, Pavol,  |d 1963-  |4 aut  |9 240569 
245 1 0 |a Komunálne voľby 2014  |c Pavol Humeník ; [foto] net 
300 |b Fotogr. 
648 7 |a 15.11.2014  |2 pppkcl  |9 1093902 
650 0 7 |a komunálne voľby  |y 2014  |2 pppkcl  |9 1088275 
651 7 |a Kežmarok (Slovensko)  |2 pppkcl  |9 26808 
773 0 |t Kežmarok  |g Roč. XXII, č. 22 (2014), s. 1 
852 |a PPPK  |b KIS3GCP 
856 4 1 |u http://www.kezmarok.sk/obcan/clanky/noviny_kezmarok_archiv-108.htm 
999 |c 2211322  |d 2213252